1767 1834 1440 1053 1685 1186 1840 1234 1550 1719 1774 1378 1305 1504 1854 1847 1802 1384 1328 1358 1756 1875 1110 1351 1172 1463 1244 1541 1042 1249 1945 1516 1778 1987 1338 1119 1891 1690 1103 1662 1110 1220 1966 1905 1807 1905 1250 1497 1321 1133 1830 1753 1246 1721 1483 1625 1507 1949 1608 1481 1006 1165 1806 1285 1146 1785 1671 1697 1980 1267 1801 1056 1738 1781 1858 1760 1646 1120 1588 1578 1824 1712 1901 1412 1826 1343 1572 1934 1404 1656 1976 1125 1341 1073 1651 1665 1014 1970 1784 BCNSPRNW ULIB Ver.6.0+V

เปลี่ยนเป็นภาษาไทย

Change to English
 แสดงรายละเอียดบรรณานุกรม
  กลับหน้าหลัก

Brief Record : Get Marc (ISO 2709) : E-mail record : QR code < ปิดหน้าต่าง
LEADER : 00000nam 2200000uu 4500
001    13399111776
003     ULIB
008    110627s2551||||th 000 0 tha d
020    9789749753910
090    นว.^bL111ซ 2551
100 0  Lucky Lady_Aon
245 00 ซุปเปอร์บอยสุดเฮี้ยว VS ยัยเซี้ยวสุดแสบ/^cLucky Lady_Aon
250    พิมพ์ครั้งที่ 1
260    กรุงเทพฯ :^bSugar rian,^c2551
300    191 หน้า
945    ^p149^l0^i024469
995    ทศพร
999 ^a ใช้งานได้ทุกระบบ
รายการนี้ยังไม่มีแท็ก
คุณยังไม่ได้ล็อกอิน คุณสามารถมีกิจกรรมร่วมกับเว็บไซต์ได้ แต่ต้องล็อกอินก่อน ::
  ล็อกอิน

รายการสื่อสารสนเทศ

ลำดับที่ ประเภท เลขเรียก/บาร์โค้ด สถานที่ สถานะ
1. นวนิยาย
นวนิยาย
นว. L111ซ 2551 ฉ.1 
  Barcode: 024469
ห้องสมุดวิทยาเขตสวรรค์ประชารักษ์
►นวนิยาย
บนชั้น
  ขอยืม

BibComment


ยังไม่เคยถูกคอมเมนท์

คอมเมนท์ทรัพยากรรายการนี้
  คอมเมนท์: ซุปเปอร์บอยสุดเฮี..


 Copyright 2026. Bcnsprnw @Library